| 000 | 00676cab a2200229 4500 | ||
|---|---|---|---|
| 001 | WB3029-28 | ||
| 008 | 090401t1994 xxu||||| |||| 00| 0 eng d | ||
| 035 | _a(Sirsi) u16631 | ||
| 041 | _aeng | ||
| 245 | _aCommission pitfalls | ||
| 260 | _c1994 | ||
| 350 | _a0 | ||
| 490 |
_aEstates Gazette _v(9429) 23 July 1994, 120(1) |
||
| 520 | _aConsiders "Benham & Reeves v Hutcheson" CA (WB3009-30) dealing with the payment of estate agents commission. | ||
| 650 | _aCOMMISSION | ||
| 650 | _aESTATE AGENTS | ||
| 650 | _aPERSONAL LIABILITY | ||
| 650 | _aSOLE AGENCY | ||
| 690 | _aMANAGEMENT-BUSINESS MANAGEMENT-PROFESSIONAL PRACTICE | ||
| 942 | _n0 | ||
| 948 | _c04/03/1997 | ||
| 999 |
_c10976 _d10976 |
||